সুন্দরবনের পেশাজীবী সম্প্রদায় : (Record no. 77709)
[ view plain ]
| 000 -LEADER | |
|---|---|
| fixed length control field | 01796nam a2200289 a 4500 |
| 001 - CONTROL NUMBER | |
| control field | 77709 |
| 003 - CONTROL NUMBER IDENTIFIER | |
| rucl marc code | BD-RjUL |
| 005 - DATE AND TIME OF LATEST TRANSACTION | |
| control field | 20211209083020.0 |
| 008 - FIXED-LENGTH DATA ELEMENTS--GENERAL INFORMATION | |
| fixed length control field | 201230s2010 bg a|||| m||| 00| 0 ben d |
| 035 ## - SYSTEM CONTROL NUMBER | |
| System control number | (BD-RjUL)77935 |
| 040 ## - CATALOGING SOURCE | |
| Original cataloging agency | BD-RjUL |
| Language of cataloging | ben /eng |
| Transcribing agency | BD-RjUL |
| Modifying agency | BD-RjUL |
| 041 ## - LANGUAGE CODE | |
| Language code of text/sound track or separate title | ben |
| 082 ## - DEWEY DECIMAL CLASSIFICATION NUMBER | |
| Classification number | 305.553 |
| Author mark and year | RAS 2010 |
| Edition number | 23 |
| 100 ## - MAIN ENTRY--PERSONAL NAME | |
| Personal name | রায়, প্রণব কুমার |
| 9 (RLIN) | 243084 |
| 245 10 - TITLE STATEMENT | |
| Title | সুন্দরবনের পেশাজীবী সম্প্রদায় : |
| Remainder of title | সমাজ ও সংস্কৃতি / |
| Statement of responsibility, etc. | প্রণব কুমার রায় |
| Linkage | তত্ত্বাবধায়ক : সাইফুদ্দীন চৌধুরী |
| 260 ## - PUBLICATION, DISTRIBUTION, ETC. (IMPRINT) | |
| Place of publication, distribution, etc. | রাজশাহী : |
| Name of publisher, distributor, etc. | ফোকলোর বিভগ, রাজশাহী বিশ্ববিদ্যালয়, |
| Date of publication, distribution, etc. | ২০১০ |
| 300 ## - PHYSICAL DESCRIPTION | |
| Pagination | [১১] , ২২৯ পাতা : |
| Illustrations | চিএ ; |
| Size | ২৯ সেমি. |
| 502 ## - DISSERTATION NOTE | |
| Dissertation note | থিসিস (পিএইচ. ডি.) -- ফোকলোর বিভগ, রাজশাহী বিশ্ববিদ্যালয়, ২০১০ |
| 504 ## - BIBLIOGRAPHY, ETC. NOTE | |
| Bibliography, etc | গ্রন্থপঞ্জি : পাতা ২৯২-২৯৯ |
| 600 ## - SUBJECT ADDED ENTRY--PERSONAL NAME | |
| Dates associated with a name | |
| 651 ## - SUBJECT ADDED ENTRY--GEOGRAPHIC NAME | |
| Geographic name | বাংলাদেশ |
| Geographic subdivision | সুন্দরবন |
| General subdivision | ধর্মীয় জীবন ও রীতিনীতি |
| 9 (RLIN) | 243332 |
| Geographic name | Bangladesh |
| Geographic subdivision | Sundarban |
| General subdivision | Religious life and customs. |
| 9 (RLIN) | 243333 |
| Geographic name | বাংলাদেশ |
| Geographic subdivision | সুন্দরবন |
| General subdivision | সামাজিক জীবন এবং রীতিনীতি। |
| 9 (RLIN) | 243334 |
| Geographic name | Bangladesh |
| Geographic subdivision | Sundarban |
| General subdivision | Social life and customs. |
| 9 (RLIN) | 243335 |
| 700 ## - ADDED ENTRY--PERSONAL NAME | |
| Personal name | চৌধুরী ,সাইফুদ্দীন , তত্ত্বাবধায়ক |
| 942 ## - ADDED ENTRY ELEMENTS (KOHA) | |
| Source of classification or shelving scheme | Dewey Decimal Classification |
| Koha item type | Theses |
| Lost status | Source of classification or shelving scheme | Damaged status | Not for loan | Collection code | Permanent Location | Current Location | Shelving location | Date acquired | Source of acquisition | Total Checkouts | Full call number | Date last seen | Copy number | Koha item type |
|---|---|---|---|---|---|---|---|---|---|---|---|---|---|---|
| Dewey Decimal Classification | Not For Loan | Theses | Central Library, University of Rajshahi | Central Library, University of Rajshahi | Documentation Section | 01/01/2012 | Controller of Exam. R.U. | BTHE 305.553 RAS 2010 | 30/12/2020 | C-1 | Theses |